Score 0/18 Timer 09:00
0 Plays Today
Clue Novel % Correct
While HAL and Bowman disagree,
the monolith waits patiently.
2001: A Space Odyssey
84.1%
A fireman named Montag learns
the value of the things he burns.
Fahrenheit 451
77.4%
The Martians' raid on Earth confirms
their Tripods are no match for germs.
The War of the Worlds
72.7%
Don't panic if a Vogon ship
destroys the Earth; just take a trip.
The Hitchhiker's Guide to the Galaxy
72%
Arrakis sees dynastic strife:
variety's the spice of life.
Dune
65.8%
If Deckard took the Voigt-Kampff test,
would counting ovines help him rest?
Do Androids Dream of Electric Sheep?
65.4%
Though brutal, Wiggin's education
helps Earth win a 'simulation.'
Ender's Game
60.4%
Conditioning and soma keep
the Epsilons as tame as sheep.
Brave New World
50.7%
The Sandmen hunt down people who
attempt to live to twenty-two.
Logan's Run
36.7%
Clue Novel % Correct
Though Smith's a man of Martian birth,
he oddly groks the ways of Earth.
Stranger in a Strange Land
32%
Though Offred's life in Gilead
is bleak, she thinks that Nick's not bad.
The Handmaid's Tale
31.6%
With Trantor's fall, hard times ensue,
but Seldon had a plan...or two.
Foundation
27.2%
In San Lorenzo, there's unease;
then ice-nine makes the oceans freeze.
Cat's Cradle
25%
The drug-addicted hacker Case
helps Wintermute in cyberspace.
Neuromancer
24.7%
A Catholic order saves the lore
of humankind, post-nuclear war.
A Canticle for Leibowitz
16.8%
When Thursday foils Hades' visit,
Brontë's book is changed...or is it?
The Eyre Affair
13.4%
'Be careful what you wish for' seems
like good advice for George Orr's dreams.
The Lathe of Heaven
7.8%
Jules risks all his Whuffie pride
to help restore a Disney ride.
Down and Out in the Magic Kingdom
6.3%
Remove Ads.
Support Sporcle.
Get the best of Sporcle when you Go Orange. This ad-free experience offers more features, more stats, and more fun while also helping to support Sporcle. Thank you for becoming a member.

You're not logged in!

Compare scores with friends on all Sporcle quizzes.
OR
Log In

Sporcle TV

Today on Sporcle TV


Watch our educational content, quiz creation guides, and fun videos on Sporcle TV.

Show Comments

Extras

Top Quizzes Today


Score Distribution

Paid Content

Your Account Isn't Verified!

In order to create a playlist on Sporcle, you need to verify the email address you used during registration. Go to your Sporcle Settings to finish the process.

Report this User

Report this user for behavior that violates our Community Guidelines.

Details: